Overseas investors find pockets of regional cheer (Record no. 84187)

MARC details
000 -LEADER
fixed length control field 00926cab a22001935a 4500
001 - CONTROL NUMBER
control field L156887
008 - FIXED-LENGTH DATA ELEMENTS--GENERAL INFORMATION
fixed length control field 120727e2012 xxk 000 0 eng d
035 ## - SYSTEM CONTROL NUMBER
System control number (Sirsi) u156887
041 0# - LANGUAGE CODE
Language code of text/sound track or separate title eng
110 2# - MAIN ENTRY--CORPORATE NAME
Corporate name or jurisdiction name as entry element Property Week
9 (RLIN) 1549
245 00 - TITLE STATEMENT
Title Overseas investors find pockets of regional cheer
260 ## - PUBLICATION, DISTRIBUTION, ETC.
Date of publication, distribution, etc. 2012
490 #0 - SERIES STATEMENT
Series statement Property Week
Volume/sequential designation 78(29) 20 July 2012, 43(1)
520 ## - SUMMARY, ETC.
Summary, etc. Cushman & Wakefield's latest UK property investment report shows prime yields edging up to 5.83% in June 2012, their highest level since March 2010. Fifteen out of 25 market segments are subject to an upward yield trend. Retail market prime yields remain stable but yields are rising in secondary shops, shopping centres, and retail warehouses. Table covers prime property comparative yields across all market sectors from 2007 to date.
590 ## - LOCAL NOTE (RLIN)
Local note KA
651 #4 - SUBJECT ADDED ENTRY--GEOGRAPHIC NAME
Geographic name United Kingdom
690 ## - LOCAL SUBJECT ADDED ENTRY--TOPICAL TERM (OCLC, RLIN)
Topical term or geographic name as entry element Commercial property
9 (RLIN) 6227
942 ## - ADDED ENTRY ELEMENTS (KOHA)
Suppress in OPAC 0
Holdings
Withdrawn status Lost status Source of classification or shelving scheme Damaged status Not for loan Home library Current library Shelving location Date acquired Total Checkouts Full call number Barcode Date last seen Copy number Price effective from Koha item type
    Dewey Decimal Classification     London London Journal article 27/07/2012   L156887 156887-1001 06/08/2019 1 06/08/2019 Journal article